Fußball Top 10 #12 (Spieler mit den meisten Toren unter Sir Alex) - Statistiken

Allgemein
  • Dieses Quiz wurde 119 mal gespielt
  • Das Durchschnittsergebnis liegt bei 5 aus 10
Antwortstatistiken
Platz Tore Spieler % Korrekt
8 118 Cristiano Ronaldo
96%
1 197 Wayne Rooney
91%
2 168 Ryan Giggs
78%
3 155 Paul Scholes
76%
10 85 David Beckham
59%
4 150 Ruud van Nistelrooy
58%
6 121 Andy Cole
33%
5 126 Ole Gunnar Solskjær
30%
9 114 Mark Hughes
4%
7 118 Brian McClair
2%
Keine übereinstimmenden Quizze gefunden
Verteilung der Resultate
Anzahl Personen mit jedem Resultat
Perzentil nach korrekt beantworteten Fragen
Ihre Resultats-Entwicklung
Sie haben dieses Quiz noch nicht gespielt